000 00347nam a2200145Ia 4500
008 100415s9999 xx 000 0 und d
082 _b7643
100 _aAkimushkin Igor
245 _aAnimal travellers
260 _aMOSCOW
_c0
_bMIR PUBLISHERS
365 _b0
630 _aAnimal travellers
730 _aAnimal travellers
942 _cBOOK
999 _c590595
_d590592